Twarzą w twarz - prezydenci Polski - Statystyki

Ogólne statystyki
  • Ten quiz został rozwiązany 4 144 razy
  • Średni wynik to 11 z 15
Statystyki odpowiedzi
Zagadnienie Odpowiedź % Poprawnych
Który prezydent zmarł w trakcie pełnienia urzędu?
94%
Który z tych prezydentów nigdy nie pełnił przed objęciem urzędu prezydenta funkcji posła na Sejm RP lub deputowanego do Parlamentu Europejskiego?
92%
Kto pełnił obowiązki prezydenta po śmierci jednego z prezydentów Polski, a kilka miesięcy później sam został wybrany na ten urząd?
91%
Który z prezydentów wziął ślub z Martą?
89%
Który prezydent nie został wybrany w powszechnych wyborach prezydenckich?
87%
Który z tych prezydentów spotkał Bronisława Komorowskiego w II turze?
87%
Który z tych prezydentów wygrał wybory prezydenckie, mimo że w I turze nie zdobył największej liczby głosów?
85%
Który prezydent wygrał wybory prezydenckie już w I turze?
78%
Który prezydent złożył swój podpis pod aktem ratyfikacji traktatu lizbońskiego?
75%
Który prezydent zawetował najmniej ustaw?
65%
Który z prezydentów otrzymał najwięcej procent wszystkich głosów w II turze?
64%
Który prezydent najwięcej razy był kandydatem w wyborach prezydenckich?
58%
Który prezydent podpisał tekst Konstytucji Rzeczypospolitej Polskiej i zarządził jej opublikowanie w Dzienniku Ustaw?
55%
Który prezydent dokonał zaprzysiężenia rządu Kazimierza Marcinkiewicza?
45%
Który z tych prezydentów urodził się wcześniej?
33%
Nie znaleziono quizów pasujących do podanych kryteriów
Rozkład punktacji
Procent ludzi z każdym wynikiem
Percentyl według liczby udzielonych odpowiedzi
Twoja historia wyników
Nie rozwiązałeś tego quizu